| 000 | 00914cam a2200361 i 4500 | ||
|---|---|---|---|
| 001 | 0000827 | ||
| 003 | DO-SdBNP | ||
| 005 | 20180212113953.0 | ||
| 007 | 0000827 | ||
| 008 | 100514s 1999 sp a | |||| 000 f spa | ||
| 015 | _a | ||
| 017 |
_a _b |
||
| 020 | _a8434856891 | ||
| 035 | _a | ||
| 040 |
_aBPMSU _bspa _cBPMSU _e |
||
| 080 | _a | ||
| 100 | 1 | _aBlake, Jon | |
| 240 | 1 | _aDaley B. / | |
| 245 | 1 | 0 |
_a¿Qué soy? / _h _cJon Blake, Axel Scheffler ; traducción Isabel Cano |
| 250 | _a2a. ed. | ||
| 260 |
_aMadrid : _bSm, _c1999. |
||
| 300 |
_a29 p.: _bil. _c19 cm. |
||
| 490 | 1 |
_aLos piratas _v39 |
|
| 490 | 1 | _aEl barco de vapor | |
| 500 | _aLibro de pasta dura. | ||
| 700 | 1 | 2 | _aScheffler, Axel |
| 700 | 1 | 2 |
_aCano, Isabel _etrad. |
| 830 | 0 |
_aLos piratas _n39 |
|
| 830 | 0 | _aEl barco de vapor | |
| 942 |
_2ddc _cBK |
||
| 945 | _aInventariado, 2018/ YL | ||
| 956 |
_aYLOCKWARD _cBPMSU _b10 |
||
| 999 |
_c12140 _d12140 |
||